| 000 | 00538nam a2200181Ia 4500 | ||
|---|---|---|---|
| 008 | 151018s9999 xx 000 0 und d | ||
| 082 |
_bRBASDV42210 _a914.919 |
||
| 100 | _aमीना - प्रभू | ||
| 245 | _aतुर्कनामा | ||
| 250 | _b1 | ||
| 260 |
_bपुणे प्रकाशन _c2006 |
||
| 300 | _a278 | ||
| 600 | _aमीना - प्रभू | ||
| 630 | _aतुर्कनामा | ||
| 700 | _aमीना - प्रभू | ||
| 730 | _aतुर्कनामा | ||
| 942 | _cBOOK | ||
| 999 |
_c1041439 _d1041436 |
||